[Event "7. LGA Premium Cup"]
[Site "Nürnberg"]
[Date "2010.09.04"]
[Round "5.52"]
[White "Hörmann, Gunther"]
[Black "Martin Fernandez, Rodrigo"]
[Result "1/2-1/2"]
[WhiteElo "2014"]
[BlackElo "2169"]
[PlyCount "90"]
[EventDate "2010.09.02"]
[WhiteTeam "TSV Cadolzburg e.V."]
[BlackTeam "SC Erlangen 48/88"]

1. d4 Nf6 2. Nd2 d5 3. Ngf3 e6 4. e3 Be7 5. Bd3 O-O 6. O-O c5 7. c3 Nc6 8. dxc5
Bxc5 9. e4 dxe4 10. Nxe4 Be7 11. Qe2 Bd7 12. Rd1 Qc7 13. Nxf6+ Bxf6 14. Bg5 Ne7
15. Bxf6 gxf6 16. Bxh7+ Kg7 17. Bc2 Rh8 18. Rd2 Bc6 19. Be4 Rad8 20. Rxd8 Rxd8
21. Bxc6 Nxc6 22. Rd1 Rxd1+ 23. Qxd1 Ne5 24. Nxe5 Qxe5 25. Qg4+ Kf8 26. Qb4+
Kg7 27. g3 Qd5 28. Qg4+ Kf8 29. h4 b6 30. Qd4 Qxa2 31. Qxf6 Qxb2 32. h5 Qb1+
33. Kh2 Qf5 34. Qh8+ Ke7 35. Kg2 Qd5+ 36. f3 Qd2+ 37. Kh3 Qd3 38. f4 Qf5+ 39.
Kg2 Qc2+ 40. Kf3 Qd3+ 41. Kg4 Qf5+ 42. Kf3 Qd3+ 43. Kf2 Qd2+ 44. Kf1 Qd3+ 45.
Kg2 Qc2+ 1/2-1/2

[Event "7. LGA Premium Cup"]
[Site "Nürnberg"]
[Date "2010.09.04"]
[Round "5.53"]
[White "Eber, Fabian"]
[Black "Göbel, Constantin"]
[Result "0-1"]
[WhiteElo "1942"]
[BlackElo "2114"]
[PlyCount "86"]
[EventDate "2010.09.02"]
[WhiteTeam "SF Wilhermsdorf e.V."]
[BlackTeam "TSV Schott Mainz"]

1. e4 c5 2. Nf3 Nc6 3. Bb5 e6 4. O-O Nge7 5. c3 Ng6 6. d4 cxd4 7. cxd4 Qb6 8.
Nc3 Bb4 9. Qd3 O-O 10. Be3 Qc7 11. a3 Be7 12. Rac1 a6 13. Bxc6 dxc6 14. d5 exd5
15. Nxd5 Qd7 16. Nxe7+ Qxe7 17. Rfd1 Re8 18. Nd2 Ne5 19. Qe2 Be6 20. Bf4 Ng6
21. Bg3 Bd5 22. f3 f5 23. Re1 Qf6 24. Qd3 fxe4 25. fxe4 Be6 26. e5 Rad8 27.
exf6 Rxd3 28. Ne4 Bd5 29. Nc5 Rxe1+ 30. Bxe1 Re3 31. Kf2 Re5 32. fxg7 Nf4 33.
Bc3 Re2+ 34. Kg3 Nh5+ 35. Kh4 Nxg7 36. Bxg7 Kxg7 37. g3 Rxh2+ 38. Kg4 Rxb2 39.
Re1 Kg6 40. Re7 h5+ 41. Kf4 Rf2+ 42. Ke3 Rf3+ 43. Ke2 Rxg3 0-1

[Event "7. LGA Premium Cup"]
[Site "Nürnberg"]
[Date "2010.09.04"]
[Round "5.54"]
[White "Melzner, Lukas"]
[Black "Zwingel, Stephan"]
[Result "1-0"]
[WhiteElo "2159"]
[BlackElo "2036"]
[PlyCount "65"]
[EventDate "2010.09.02"]
[WhiteTeam "SK Klosterlechfeld"]
[BlackTeam "SK Zirndorf e.V."]

1. c4 Nf6 2. Nc3 g6 3. g3 Bg7 4. Bg2 O-O 5. e3 d6 6. Nge2 e5 7. O-O c6 8. d3 a5
9. a3 Be6 10. Rb1 Na6 11. b4 axb4 12. axb4 d5 13. cxd5 Nxd5 14. Nxd5 Bxd5 15.
e4 Ba2 {(=)} 16. Rb2 Nc7 17. Nc3 Be6 18. Be3 Qd7 19. Qc2 Rfd8 20. Rd1 Ra3 21.
Bf3 Rda8 22. Be2 f5 23. Bb6 f4 24. Bxc7 Qxc7 25. Nb5 Qf7 26. Nxa3 Rxa3 27. Qc5
Ra8 28. Bf1 Rf8 29. b5 Bg4 30. Rdb1 Qf6 31. bxc6 fxg3 32. hxg3 bxc6 33. Rb8 1-0

[Event "7. LGA Premium Cup"]
[Site "Nürnberg"]
[Date "2010.09.04"]
[Round "5.55"]
[White "Siegl, Pascal"]
[Black "Finster, Michael"]
[Result "0-1"]
[WhiteElo "1643"]
[BlackElo "2153"]
[PlyCount "64"]
[EventDate "2010.09.02"]
[WhiteTeam "SW Nürnberg Süd e.V."]
[BlackTeam "SW Nürnberg Süd e.V."]

1. e4 e5 2. Nf3 Nc6 3. Bc4 Nf6 4. d3 Bc5 5. Bg5 d6 6. h3 h6 7. Bh4 Be6 8. Bb3
a5 9. Nc3 Nd4 10. O-O g5 11. Bg3 Rg8 12. Nxd4 Bxd4 13. Bxe6 fxe6 14. Nb5 Bb6
15. c3 Qd7 16. Na3 O-O-O 17. Nc4 Ba7 18. Nxa5 h5 19. Qb3 c6 20. h4 Rdf8 21.
hxg5 Rxg5 22. Bh4 Rg4 23. g3 Qg7 24. Kh2 Bxf2 25. Rxf2 Rxh4+ 26. Kg2 Rh2+ 27.
Kxh2 Ng4+ 28. Kh1 Nxf2+ 29. Kg2 h4 30. Qxe6+ Kc7 31. g4 Nxg4 32. Rg1 Rf2+ 0-1

[Event "7. LGA Premium Cup"]
[Site "Nürnberg"]
[Date "2010.09.04"]
[Round "5.56"]
[White "Demel, Paul"]
[Black "Hirschmann, Jakob"]
[Result "1-0"]
[WhiteElo "2152"]
[BlackElo "1805"]
[PlyCount "89"]
[EventDate "2010.09.02"]
[WhiteTeam "SK Kriegshaber"]
[BlackTeam "SG Reil-Kinheim"]

1. e4 e6 2. d4 d5 3. Nc3 Bb4 4. e5 Ne7 5. a3 Bxc3+ 6. bxc3 c5 7. Nf3 b6 8. Bb5+
Bd7 9. Bd3 c4 10. Be2 Ba4 11. O-O Nbc6 12. Ra2 h6 13. h4 Kd7 14. Nh2 Qg8 {(=)}
15. Bg4 Kc7 16. Bh3 Qh7 17. Ng4 Rag8 18. Ne3 Kb7 {(=)} 19. h5 g6 20. Ng4 Qg7
21. Nf6 Rd8 22. f4 Nf5 23. Kh2 gxh5 24. Bxf5 exf5 25. Qxh5 Rhg8 26. Nxg8 Rxg8
27. Qh3 Ne7 28. Rf3 Bd7 29. a4 a5 30. Ba3 Ng6 31. Bd6 h5 32. Kg1 Nh4 33. Rf2
Ng6 34. Kf1 h4 35. Ke2 Qh6 36. Qf3 Be6 37. Rb2 h3 38. gxh3 Nh4 39. Qh1 Rg3 40.
Qb1 Qh5+ 41. Kd2 Nf3+ 42. Rxf3 Qxf3 43. Rxb6+ Kc8 44. Rb8+ Kd7 45. Qb7# 1-0

[Event "7. LGA Premium Cup"]
[Site "Nürnberg"]
[Date "2010.09.04"]
[Round "5.57"]
[White "Zier, Oliver"]
[Black "Rausch, Wolfgang"]
[Result "1-0"]
[WhiteElo "2139"]
[BlackElo "1794"]
[PlyCount "63"]
[EventDate "2010.09.02"]
[WhiteTeam "TSV Bindlach Aktionär-Schachabte"]
[BlackTeam "VSG 1880 Offenbach"]

1. d4 e6 2. c4 f5 3. Nc3 Nf6 4. Nf3 d5 5. Bf4 c6 6. e3 Nbd7 7. Qc2 Be7 8. Bd3
O-O 9. O-O Ne4 10. h3 Ndf6 11. Ne5 Nxc3 12. bxc3 Nd7 13. cxd5 Nxe5 14. Bxe5
exd5 15. f3 Bd6 16. Bxd6 Qxd6 17. e4 dxe4 18. fxe4 fxe4 19. Rxf8+ Kxf8 20. Bxe4
g6 21. Rf1+ Kg7 22. Qb3 Qe7 23. Bd3 b5 24. Kh1 Bd7 25. d5 a6 26. c4 bxc4 27.
Qc3+ Kh6 28. Bxc4 Be8 29. dxc6 Bxc6 30. Rf7 Qe4 31. Qd2+ g5 32. Qd6+ 1-0

[Event "7. LGA Premium Cup"]
[Site "Nürnberg"]
[Date "2010.09.04"]
[Round "5.58"]
[White "Baskin, Robert"]
[Black "Dünzel, Jonas"]
[Result "1/2-1/2"]
[WhiteElo "1870"]
[BlackElo "2117"]
[PlyCount "58"]
[EventDate "2010.09.02"]
[WhiteTeam "SAbt TuS Makkabi Ffm"]
[BlackTeam "Schachclub 90 Niesky"]

1. e4 c5 2. Nf3 d6 3. d4 cxd4 4. Nxd4 Nf6 5. Nc3 a6 6. a4 e5 7. Nf3 Qc7 8. Bg5
Nbd7 9. Nd2 h6 10. Bxf6 Nxf6 11. Bc4 Be6 12. Bb3 Be7 13. O-O O-O 14. Re1 Rfd8
15. Nf1 Rac8 16. Ne3 Bf8 17. Ned5 Nxd5 18. Nxd5 Bxd5 19. Qxd5 Rd7 20. Rad1 Qc5
21. Qxc5 Rxc5 22. Rd5 Rdc7 23. Red1 Be7 24. Rxc5 dxc5 25. Bc4 Kf8 26. Kf1 Ke8
27. Ke2 Rc6 28. Bd5 Rc7 29. Bc4 Rc6 1/2-1/2

[Event "7. LGA Premium Cup"]
[Site "Nürnberg"]
[Date "2010.09.04"]
[Round "5.59"]
[White "Bartsch, Berthold"]
[Black "Werner, Thomas"]
[Result "1-0"]
[WhiteElo "2270"]
[BlackElo "2004"]
[PlyCount "31"]
[EventDate "2010.09.02"]
[WhiteTeam "SC Forchheim e.V."]
[BlackTeam "SW Nürnberg Süd e.V."]

1. e4 c6 2. c4 d5 3. exd5 cxd5 4. cxd5 Nf6 5. Bb5+ Nbd7 6. Nc3 g6 7. d4 Qa5 8.
Bd2 Bg7 9. d6 e6 10. Nd5 Qxd2+ 11. Qxd2 Nxd5 12. Nf3 O-O 13. Rc1 N7f6 14. Qa5
b6 15. Qa4 Rd8 16. Bc6 1-0

[Event "7. LGA Premium Cup"]
[Site "Nürnberg"]
[Date "2010.09.04"]
[Round "5.60"]
[White "Scheremet, Michael"]
[Black "Nöckler, Alexander"]
[Result "1-0"]
[WhiteElo "2266"]
[BlackElo "2003"]
[PlyCount "53"]
[EventDate "2010.09.02"]
[WhiteTeam "SC Noris-Tarrasch Nürnberg 1873"]
[BlackTeam "Schachklub Weiden 1907"]

1. d4 d5 2. Nf3 Nf6 3. Bf4 e6 4. e3 Be7 5. Bd3 O-O 6. Nbd2 c6 7. c3 Nbd7 8. Ne5
Re8 9. Ndf3 Nxe5 10. Nxe5 h6 11. Qf3 Bd6 12. O-O-O Qe7 13. g4 Nd7 14. h4 Bxe5
15. dxe5 f6 16. exf6 Qxf6 17. g5 Qf7 18. gxh6 e5 19. Qg2 e4 20. Be2 g6 21. h5
Nf8 22. hxg6 Nxg6 23. h7+ Kh8 24. Rdg1 Bf5 25. Bh5 Kg7 26. Bxg6 Bxg6 27. h8=Q+
1-0

[Event "7. LGA Premium Cup"]
[Site "Nürnberg"]
[Date "2010.09.04"]
[Round "5.61"]
[White "Mihok, Laszlo"]
[Black "Neumann, Robert"]
[Result "1-0"]
[WhiteElo "2151"]
[BlackElo "1882"]
[PlyCount "81"]
[EventDate "2010.09.02"]
[WhiteTeam "SK Tempelhof 1931 e.V."]
[BlackTeam "SC Noris-Tarrasch Nürnberg 1873"]

1. d4 Nf6 2. Bg5 Ne4 3. Bf4 c5 4. f3 Qa5+ 5. c3 Nf6 6. Nd2 d6 7. e4 cxd4 8. Nc4
Qd8 9. cxd4 g6 10. d5 Bg7 11. Ne2 O-O 12. Nd4 Nbd7 13. Be2 Nb6 14. Qd2 Re8 15.
O-O Nxc4 16. Bxc4 a6 17. a4 Nd7 18. Rfc1 Ne5 19. Be2 Bd7 20. Be3 Rc8 21. a5
Rxc1+ 22. Rxc1 Qb8 23. h3 Bc8 24. b4 Nd7 25. b5 Nc5 26. Qb4 Bd7 27. Rb1 Qc7 28.
bxa6 bxa6 29. Qb6 Qc8 30. Nc6 Na4 31. Qxa6 Qxa6 32. Bxa6 Nc5 33. Bxc5 dxc5 34.
Rb7 Bxc6 35. dxc6 Rc8 36. Rb6 Rc7 37. Rb8+ Bf8 38. Bb7 c4 39. Kf1 c3 40. Ke2 c2
41. Kd2 1-0

[Event "7. LGA Premium Cup"]
[Site "Nürnberg"]
[Date "2010.09.04"]
[Round "5.62"]
[White "Uhlmann, David"]
[Black "Bauer, Manfred"]
[Result "1-0"]
[WhiteElo "1997"]
[BlackElo "2148"]
[PlyCount "79"]
[EventDate "2010.09.02"]
[WhiteTeam "SC 1911 Großröhrsdorf"]
[BlackTeam "SK Schmiden/Cannstatt"]

1. d4 Nf6 2. c4 g6 3. Nc3 d5 4. Bg5 Ne4 5. cxd5 Nxc3 6. bxc3 Qxd5 7. Nf3 Bg7 8.
e3 c5 9. Be2 Nc6 10. O-O cxd4 11. cxd4 O-O 12. Bf4 Bf5 13. Qa4 a6 14. Rac1 Qd7
15. Qb3 Be6 16. Qb2 b5 17. Rfd1 Rfc8 18. Qa3 Bd5 19. Nd2 e5 20. dxe5 Nxe5 21.
Rxc8+ Qxc8 22. Qd6 Qe6 23. Qxe6 Bxe6 24. Nb3 Rc8 25. h3 h6 26. Nd4 Bc4 27. Rc1
Kf8 28. a4 Nc6 29. Bd6+ Ke8 30. Bxc4 Bxd4 31. exd4 Kd7 32. axb5 axb5 33. Bxb5
Kxd6 34. Kf1 Rc7 35. Bxc6 Rxc6 36. Rxc6+ Kxc6 37. Ke2 Kd5 38. Kd3 h5 39. h4 f6
40. f4 1-0

[Event "7. LGA Premium Cup"]
[Site "Nürnberg"]
[Date "2010.09.04"]
[Round "5.63"]
[White "Süß, Helmut"]
[Black "Lodes, Hermann"]
[Result "1/2-1/2"]
[WhiteElo "1989"]
[BlackElo "2144"]
[PlyCount "31"]
[EventDate "2010.09.02"]
[WhiteTeam "SC Noris-Tarrasch Nürnberg 1873"]

1. d4 d5 2. c4 e6 3. Nc3 Nf6 4. Bg5 Be7 5. e3 h6 6. Bh4 O-O 7. Nf3 Nbd7 8. cxd5
exd5 9. Bd3 c6 10. O-O Ne4 11. Bxe7 Qxe7 12. Qc2 f5 13. Rae1 Qf6 14. Nd2 Kh8
15. f3 Nxd2 16. Qxd2 1/2-1/2

[Event "7. LGA Premium Cup"]
[Site "Nürnberg"]
[Date "2010.09.04"]
[Round "5.64"]
[White "Knapp, Michael"]
[Black "Willim, Michael"]
[Result "0-1"]
[WhiteElo "1989"]
[BlackElo "2134"]
[PlyCount "62"]
[EventDate "2010.09.02"]
[WhiteTeam "SV Mendig-Mayen e.V."]
[BlackTeam "SC Erlangen 48/88"]

1. d4 c5 2. d5 e5 3. c4 d6 4. Nc3 a6 5. e4 Be7 6. Be2 Nf6 7. Nf3 Nbd7 8. O-O
Nf8 9. a3 Ng6 10. b4 b6 11. h3 h6 12. Be3 Nh7 13. Qd2 Ng5 14. Nh2 Nf4 15. Bg4
Bxg4 16. hxg4 Ng6 17. Ne2 Nxe4 18. Qc2 Ng5 19. f4 exf4 20. Nxf4 Ne5 21. Rae1
Qc8 22. bxc5 bxc5 23. Nh5 O-O 24. Rf5 g6 25. Nf6+ Kg7 26. Bxg5 hxg5 27. Rfxe5
Bxf6 28. R5e4 Bd4+ 29. Kf1 Rb8 30. Rb1 Rxb1+ 31. Qxb1 Rh8 0-1

[Event "7. LGA Premium Cup"]
[Site "Nürnberg"]
[Date "2010.09.04"]
[Round "5.65"]
[White "Schupp, Uwe"]
[Black "Süß, Stefan"]
[Result "1-0"]
[WhiteElo "2133"]
[BlackElo "1992"]
[PlyCount "61"]
[EventDate "2010.09.02"]
[WhiteTeam "SC Bad Nauheim"]
[BlackTeam "SC Noris-Tarrasch Nürnberg 1873"]

1. g3 Nf6 2. Bg2 d5 3. Nf3 g6 4. O-O Bg7 5. c4 c6 6. Qc2 O-O 7. d3 Re8 8. Nbd2
e5 9. e4 h6 10. a3 dxc4 11. dxc4 Qc7 12. b4 Be6 13. Bb2 Nfd7 14. Rfc1 a5 15. c5
Na6 16. Qc3 axb4 17. axb4 b6 18. Bf1 Qb7 19. cxb6 Rec8 20. Bc4 Qxb6 21. Bxe6
fxe6 22. Qc4 Kf7 23. Bc3 c5 24. b5 Nc7 25. Rab1 Rcb8 26. Qd3 Rd8 27. Nc4 Qb8
28. Qe2 Ne8 29. Ba5 Rc8 30. b6 Qb7 31. Bc3 1-0

[Event "7. LGA Premium Cup"]
[Site "Nürnberg"]
[Date "2010.09.04"]
[Round "5.66"]
[White "Hartmann, Thomas"]
[Black "Miller, Eduard"]
[Result "0-1"]
[WhiteElo "1986"]
[BlackElo "2110"]
[PlyCount "88"]
[EventDate "2010.09.02"]
[WhiteTeam "SC Weisse Dame Ulm e.V."]
[BlackTeam "SC Forchheim e.V."]

1. d4 Nf6 2. c4 g6 3. Nc3 Bg7 4. e4 d6 5. h3 O-O 6. Bg5 h6 7. Be3 e5 8. d5 Nbd7
9. Bd3 a5 10. g4 Nc5 11. Bc2 Kh7 12. Nge2 Rh8 13. Ng3 Kg8 14. f3 h5 15. g5 Nfd7
16. h4 Nb6 17. Qe2 Bd7 18. b3 Kh7 19. Qf2 Qe7 20. Kd2 Rhf8 21. Rag1 a4 22. Ra1
f6 23. Nf5 gxf5 24. exf5 axb3 25. axb3 Rxa1 26. Rxa1 Ra8 27. Rg1 Ra3 28. Qe2
Nxb3+ 29. Kd1 Na4 30. Nb1 Ra1 31. Ke1 Nc3 32. Qd3 Nxb1 33. Bxb1 Nd4 34. Qd1
Rxb1 35. Qxb1 Nxf3+ 36. Kf2 Nxg1 37. Qd1 Nh3+ 38. Kg3 Nf4 39. Kh2 Bxf5 40. Bxf4
exf4 41. Qxh5+ Kg8 42. g6 Qe5 43. Qh7+ Kf8 44. h5 f3+ 0-1

[Event "7. LGA Premium Cup"]
[Site "Nürnberg"]
[Date "2010.09.04"]
[Round "5.67"]
[White "Krauß, Josef"]
[Black "Rösch, Mario"]
[Result "1-0"]
[WhiteElo "2105"]
[BlackElo "1775"]
[PlyCount "141"]
[EventDate "2010.09.02"]
[WhiteTeam "SV Würzburg von 1865 e.V."]
[BlackTeam "SK Freiburg Zähringen 1887 e.V."]

1. e4 c6 2. Nf3 d5 3. Nc3 dxe4 4. Nxe4 Bg4 5. Ng3 e6 6. h3 Bxf3 7. Qxf3 Nf6 8.
Bc4 Nbd7 9. Bb3 Bd6 10. O-O Qc7 11. d4 O-O 12. c4 Rfe8 13. Be3 c5 14. Ne2 cxd4
15. Nxd4 a6 16. Rac1 Ne5 17. Qe2 Bc5 18. Nf3 Nxf3+ 19. Qxf3 Bxe3 20. Qxe3 Rac8
21. Rfd1 Red8 22. a3 h6 23. Ba2 Rxd1+ 24. Rxd1 Rd8 25. Rd3 Rxd3 26. Qxd3 Qe5 {
(=)} 27. Bb1 g6 28. Qd2 Kg7 29. Bd3 Qd4 30. Qc2 Nd7 31. Be2 Nc5 32. b4 Ne4 33.
Bf3 f5 34. c5 Kf6 35. Bxe4 fxe4 36. Qb3 Qa1+ 37. Kh2 Qe5+ 38. g3 g5 39. Qe3 Qd5
40. Qe2 Qd3 41. Qh5 Kg7 42. Qe8 Qf3 43. Qd7+ Kf6 44. Qd8+ Kf7 45. Qd4 e5 46.
Qd5+ Kf6 47. Qd8+ Kf7 48. Qc7+ Kf8 49. Qb8+ Kf7 50. Qxb7+ Ke8 51. Qc8+ Ke7 52.
Qc7+ Kf8 53. Qb8+ Kf7 54. Qa7+ Ke8 55. c6 e3 56. Qxe3 Qxc6 57. Qxe5+ Kd7 58.
Qc5 Qf3 59. Qa7+ Kd8 60. Qb6+ Kd7 61. Qd4+ Kc7 62. Qa7+ Kd8 63. Qe3 Qf6 64. Kg2
Kd7 65. Qe4 Kd8 66. a4 Kc7 67. b5 axb5 68. axb5 Kb6 69. Qc6+ Qxc6+ 70. bxc6
Kxc6 71. Kf3 1-0

[Event "7. LGA Premium Cup"]
[Site "Nürnberg"]
[Date "2010.09.04"]
[Round "5.68"]
[White "Pühn, Georg"]
[Black "Kregelin, Jan"]
[Result "1/2-1/2"]
[WhiteElo "1961"]
[BlackElo "2090"]
[PlyCount "52"]
[EventDate "2010.09.02"]
[WhiteTeam "SC Noris-Tarrasch Nürnberg 1873"]
[BlackTeam "SC Hoyerswerda"]

1. e4 c6 2. d4 d5 3. e5 Bf5 4. Nf3 e6 5. Be2 Nd7 6. O-O c5 7. c4 Ne7 8. Na3 Nc6
9. cxd5 exd5 10. Bf4 c4 11. Nb5 a6 12. Nc3 Be6 13. Ng5 Nb6 14. Nxe6 fxe6 15.
Be3 Be7 16. Bg4 Qd7 17. f4 g6 18. Bh3 Rf8 19. Qg4 Nd8 20. Qd1 Nc6 21. a3 O-O-O
22. Qg4 Rf5 23. Qf3 Rf7 24. a4 Na5 25. Qg4 Rf5 26. Qf3 Rf7 1/2-1/2

[Event "7. LGA Premium Cup"]
[Site "Nürnberg"]
[Date "2010.09.04"]
[Round "5.69"]
[White "Adelhütte, Dennis"]
[Black "Troyke, Doreen"]
[Result "0-1"]
[WhiteElo "1942"]
[BlackElo "2078"]
[PlyCount "120"]
[EventDate "2010.09.02"]
[WhiteTeam "SC Erlangen 48/88"]
[BlackTeam "Erfurter Schachklub"]

1. f4 c5 2. Nf3 d6 3. e3 Nc6 4. b3 Nf6 5. Bb2 e6 6. a3 a6 7. Bd3 b5 8. c4 bxc4
9. bxc4 Rb8 10. Qc2 Be7 11. Nc3 O-O 12. O-O h6 13. Rab1 Bd7 14. Ne4 Nxe4 15.
Bxe4 f5 16. Bd3 Bf6 17. Bxf6 Qxf6 18. Be2 Rfc8 19. h3 Be8 20. g4 fxg4 21. hxg4
Qg6 22. Qxg6 Bxg6 23. d3 Na5 24. Nh4 Bf7 25. f5 Nb3 26. fxe6 Bxe6 27. Ng6 Re8
28. Nf4 Bf7 29. Rb2 Nc1 30. Rxb8 Nxe2+ 31. Nxe2 Rxb8 32. Rc1 Rb2 33. Nc3 Rb3
34. a4 Be6 35. g5 hxg5 36. Kf2 g4 37. Rc2 Kf7 38. Ke2 Bf5 39. e4 Bd7 40. Kf2
Ke6 41. Ke3 Ke5 42. Rc1 Ra3 43. Rc2 Bxa4 44. Nxa4 Rxa4 45. Rg2 Rb4 46. Rxg4 Rb7
47. Rg5+ Kf6 48. Rf5+ Ke6 49. Rf1 a5 50. Ra1 Ra7 51. d4 cxd4+ 52. Kxd4 a4 53.
Ra3 Ra5 54. Ra1 a3 55. Kc3 a2 56. Kb2 Ke5 57. Kb3 g5 58. Kc3 Kxe4 59. Kb2 g4
60. Re1+ Kf3 0-1

[Event "7. LGA Premium Cup"]
[Site "Nürnberg"]
[Date "2010.09.04"]
[Round "5.70"]
[White "Weissbeck, Wolf-Dieter"]
[Black "Lange, Carsten"]
[Result "0-1"]
[WhiteElo "1708"]
[BlackElo "2062"]
[PlyCount "78"]
[EventDate "2010.09.02"]
[WhiteTeam "SV Alsfeld"]
[BlackTeam "SK Zirndorf e.V."]

1. e4 c5 2. Nf3 e6 3. Be2 Nc6 4. d3 d6 5. b3 Be7 6. Bb2 Bf6 7. c3 Nge7 8. Nbd2
b6 9. Nc4 d5 10. e5 dxc4 11. exf6 gxf6 12. dxc4 Bb7 13. Qc2 Qd6 14. Rd1 Qc7 15.
Bc1 Rd8 16. O-O Ng6 17. Bh6 Ke7 18. h4 Nf4 19. g3 Nxe2+ 20. Qxe2 Rhg8 21. Rxd8
Nxd8 22. Kh2 Qc6 23. Ne1 Rg6 24. Qe3 Qd6 25. h5 Rg4 26. Kh3 Re4 27. Qd3 Qe5 28.
Qd1 Re2 29. g4 Qxc3+ 30. Kh4 Qe5 31. Kh3 Rxa2 32. Bf8+ Ke8 33. Bd6 Qe2 34. Qxe2
Rxe2 35. Bb8 Nc6 36. Bg3 Rb2 37. Nd3 Rxb3 38. Rd1 Nd4 39. Bb8 Be4 0-1

[Event "7. LGA Premium Cup"]
[Site "Nürnberg"]
[Date "2010.09.04"]
[Round "5.71"]
[White "Thürauf, Peter"]
[Black "Stein, Tobias"]
[Result "0-1"]
[WhiteElo "1920"]
[BlackElo "2036"]
[PlyCount "60"]
[EventDate "2010.09.02"]
[WhiteTeam "SW Nürnberg Süd e.V."]
[BlackTeam "SV Alsfeld"]

1. d4 Nf6 2. Nf3 g6 3. g3 Bg7 4. Bg2 O-O 5. O-O d6 6. c4 c5 7. d5 e6 8. Nc3
exd5 9. Nxd5 Nxd5 10. Qxd5 Qb6 11. Ng5 Na6 12. Rd1 h6 13. Nh3 Bg4 14. Nf4 g5
15. h3 gxf4 16. hxg4 fxg3 17. f4 Rab8 18. Be4 Rfe8 19. Qf5 Qc7 20. g5 hxg5 21.
fxg5 Qe7 22. Qh7+ Kf8 23. Bf3 Nb4 24. Bf4 Rbd8 25. Rd2 Nc6 26. g6 fxg6 27. Bd5
Bd4+ 28. Rxd4 Qxh7 29. Bh6+ Qxh6 30. Rf1+ Kg7 0-1

[Event "7. LGA Premium Cup"]
[Site "Nürnberg"]
[Date "2010.09.04"]
[Round "5.72"]
[White "Luther, Helmut"]
[Black "Walter, Manfred"]
[Result "1-0"]
[WhiteElo "2020"]
[BlackElo "1825"]
[PlyCount "104"]
[EventDate "2010.09.02"]
[WhiteTeam "SW Nürnberg Süd e.V."]
[BlackTeam "SV Lauf a.d.P."]

1. d4 d6 2. c4 e5 3. e3 Nf6 4. Nc3 exd4 5. exd4 c6 6. Bg5 Be7 7. Nf3 O-O 8. Bd3
a6 9. Qc2 Nbd7 10. O-O h6 11. Bd2 b5 12. b3 Nb6 13. h3 Be6 14. d5 bxc4 15. dxe6
cxd3 16. exf7+ Rxf7 17. Qxd3 Nbd7 18. Rac1 Nc5 19. Qg6 Kf8 20. Nd4 Qd7 21. Rfe1
d5 22. b4 Nce4 23. Nxe4 Nxe4 24. Ne6+ Kg8 25. Bxh6 Bxb4 26. Rxe4 dxe4 27. Ng5
Qf5 28. Qxf7+ Qxf7 29. Nxf7 Kxf7 30. Be3 Rc8 31. Rc4 c5 32. Rxe4 c4 33. Bc1 Bd6
34. Kf1 Kf6 35. Ke2 Kf5 36. f3 g6 37. Kd1 Bb4 38. Kc2 Bd6 39. g4+ Kf6 40. h4
Rc6 41. Bb2+ Kf7 42. h5 gxh5 43. gxh5 Bc7 44. Bc3 Rc5 45. h6 Ba5 46. h7 Bxc3
47. Kxc3 Rh5 48. Rxc4 Rh3 49. Rc7+ Kg6 50. Kb4 Rh2 51. a4 Rh5 52. f4 Kf5 1-0

[Event "7. LGA Premium Cup"]
[Site "Nürnberg"]
[Date "2010.09.04"]
[Round "5.73"]
[White "Seidel, Michael"]
[Black "Millikan, Erlend"]
[Result "1-0"]
[WhiteElo "2058"]
[BlackElo "1754"]
[PlyCount "54"]
[EventDate "2010.09.02"]
[WhiteTeam "PTSV SK Hof 1892"]
[BlackTeam "USA"]

1. e4 e5 2. Bc4 Nf6 3. d3 d6 4. Nf3 Be7 5. O-O O-O 6. c3 Bg4 7. Nbd2 Nbd7 8.
Re1 c5 9. h3 Bh5 10. Nf1 h6 11. Ng3 Kh7 12. Bb3 Bg6 13. Nh4 Ng8 14. Nhf5 Bxf5
15. Nxf5 g6 16. Ng3 Bg5 17. d4 Bxc1 18. Rxc1 Nb6 19. dxe5 dxe5 20. Qe2 Qc7 21.
Rcd1 Kg7 22. Bc2 Rad8 23. Rd2 Rxd2 24. Qxd2 Kf6 25. Nf1 Ke7 26. Ne3 c4 27. Nxc4
Nxc4 {Rest unleserlich} 1-0

[Event "7. LGA Premium Cup"]
[Site "Nürnberg"]
[Date "2010.09.04"]
[Round "5.74"]
[White "Meulner, Klaus"]
[Black "Myagkov, Kirill"]
[Result "1-0"]
[WhiteElo "2188"]
[BlackElo "1795"]
[PlyCount "75"]
[EventDate "2010.09.02"]
[WhiteTeam "SW Nürnberg Süd e.V."]
[BlackTeam "SC Noris-Tarrasch Nürnberg 1873"]

1. Nf3 d5 2. c4 e6 3. d4 Nf6 4. g3 dxc4 5. Qa4+ c6 6. Qxc4 Qd5 7. Qa4 Nbd7 8.
Nc3 Qd6 9. Bg2 Nb6 10. Qd1 Nbd5 11. O-O h5 12. h4 Be7 13. Bg5 Ng4 14. Ne4 Qc7
15. Bxe7 Qxe7 16. Ne5 Qc7 17. Nc4 O-O 18. Ng5 f6 19. Nf3 b5 20. Ncd2 e5 21.
dxe5 fxe5 22. Ng5 e4 23. Ndxe4 Bf5 24. Nc5 Nde3 25. Qb3+ Kh8 26. Nce6 Bxe6 27.
Nxe6 Qd6 28. Nxf8 Nxf1 29. Qf7 Nxg3 30. Ne6 Nxe2+ 31. Kf1 Qe5 32. Qxg7+ Qxg7
33. Nxg7 Kxg7 34. Kxe2 Rf8 35. Rf1 Re8+ 36. Kd2 c5 37. Bc6 b4 38. Bxe8 1-0

[Event "7. LGA Premium Cup"]
[Site "Nürnberg"]
[Date "2010.09.04"]
[Round "5.75"]
[White "Wiesgickl, Gerhard"]
[Black "Strobl, Helmut"]
[Result "1/2-1/2"]
[WhiteElo "2076"]
[BlackElo "1789"]
[PlyCount "66"]
[EventDate "2010.09.02"]
[WhiteTeam "SG Siemens Amberg"]
[BlackTeam "SK Mering"]

1. e4 d5 2. d4 dxe4 3. Nc3 Bf5 4. f3 h6 5. fxe4 Bg6 6. Nf3 e6 7. Bd3 Bh5 8. Be3
Bb4 9. O-O Nf6 10. h3 Nc6 11. Ne2 Bg6 12. c3 Be7 13. Qc2 O-O 14. b4 a6 15. a4
a5 16. b5 Nb8 17. Rf2 Nbd7 18. Raf1 Rc8 19. c4 c5 20. d5 e5 21. Ng3 Nh5 22.
Nxh5 Bxh5 23. Qd2 Bxf3 24. Rxf3 Bg5 25. Bxg5 hxg5 26. Rg3 f6 27. Be2 g6 28. Bg4
Nb6 29. Be6+ Kg7 30. Qe2 Rh8 {(=)} 31. Qf3 Rh4 32. Rg4 Rxg4 33. hxg4 Rc7
1/2-1/2

[Event "7. LGA Premium Cup"]
[Site "Nürnberg"]
[Date "2010.09.04"]
[Round "5.76"]
[White "Sieber, Heiko"]
[Black "Heinz, Friedrich"]
[Result "1-0"]
[WhiteElo "2066"]
[BlackElo "1768"]
[PlyCount "73"]
[EventDate "2010.09.02"]
[WhiteTeam "PTSV SK Hof 1892"]
[BlackTeam "SV Alsfeld"]

1. d4 d5 2. Nf3 Nf6 3. c4 c6 4. cxd5 cxd5 5. Nc3 Bg4 6. Bf4 Nc6 7. e3 e6 8. Qa4
a6 9. Ne5 Qc8 10. Nxg4 Nxg4 11. Be2 Nf6 12. O-O Nd7 13. Rac1 Be7 14. e4 Nb6 15.
Qd1 Qd8 16. exd5 Nxd5 17. Nxd5 Qxd5 18. Bf3 Qd7 19. d5 exd5 20. Bxd5 Rd8 21.
Bxc6 bxc6 22. Qa4 O-O 23. Qxa6 Ra8 24. Qxc6 Qf5 25. g3 Rxa2 26. Rb1 Rc8 27. Qb7
Bf8 28. Ra1 Rxa1 29. Rxa1 h6 30. Ra8 Rxa8 31. Qxa8 Qc5 32. h4 Kh7 33. Qe8 Qe7
34. Qxe7 Bxe7 35. Bd2 h5 36. b4 Kg8 37. b5 1-0

[Event "7. LGA Premium Cup"]
[Site "Nürnberg"]
[Date "2010.09.04"]
[Round "5.77"]
[White "Grasser, Stefan"]
[Black "Wörl, Richard"]
[Result "1/2-1/2"]
[WhiteElo "1800"]
[BlackElo "2042"]
[PlyCount "66"]
[EventDate "2010.09.02"]
[WhiteTeam "SV Hellern"]
[BlackTeam "SW Nürnberg Süd e.V."]

1. c4 Nf6 2. Nc3 c6 3. e4 d6 4. Nge2 e5 5. g3 Be7 6. Bg2 Be6 7. d3 Na6 8. O-O
Qd7 9. f4 Bh3 10. f5 Bxg2 11. Kxg2 d5 12. d4 exd4 13. Qxd4 dxe4 14. Qxd7+ Nxd7
15. Nxe4 Nf6 16. N2c3 O-O-O 17. Be3 b6 18. a3 Rd3 19. Rfe1 g6 20. Nf2 Rd7 21.
Bg5 Ng8 22. Bxe7 Nxe7 23. f6 Nf5 24. g4 Nd4 25. Re5 Nc5 26. b4 Ncb3 27. Ra2
Rhd8 28. Ne2 Ne6 29. Ne4 Nbd4 30. N4g3 Nxe2 31. Nxe2 Rd2 32. Rxd2 Rxd2 33. Kf3
Rd3+ 1/2-1/2

[Event "7. LGA Premium Cup"]
[Site "Nürnberg"]
[Date "2010.09.04"]
[Round "5.78"]
[White "Renner, Gabriele"]
[Black "Bayer, Rolf"]
[Result "1-0"]
[WhiteElo "2008"]
[BlackElo "1732"]
[PlyCount "47"]
[EventDate "2010.09.02"]
[WhiteTeam "FC Bayern München e.V."]
[BlackTeam "SC Noris-Tarrasch Nürnberg 1873"]

1. e4 c5 2. Nc3 Nc6 3. g3 g6 4. Bg2 Bg7 5. d3 e5 6. Be3 d6 7. Qd2 Be6 8. Nge2
Nge7 9. Bh6 O-O 10. h4 f5 11. Bxg7 Kxg7 12. h5 fxe4 13. hxg6 hxg6 14. Qh6+ Kf7
15. Nxe4 Ke8 {(=)} 16. Qg5 Qa5+ 17. c3 Kd7 18. Rh7 Rf7 19. Rxf7 Bxf7 20. Bh3+
Ke8 21. Nxd6+ Kf8 22. Qf6 Nd8 23. Nxf7 Nxf7 24. Be6 1-0